000 00424nam a2200181Ia 4500
001 14789
005 20260306164940.0
008 260306t2010||||xx |||||||||||||| ||spa||
041 _aESP
082 _a519.2
_bQ23
100 _aQuezada Lucio, Nel
_eAUT
245 0 _aEstadĂ­stica para ingenieros
260 _c2010
300 _a310 páginas :
_c24 cm.
650 _aGEN
654 _aCMA
942 _cLIB
_dJUS
_fJUS
_2ddc
_n
999 _c14789
_d14789